000 00311nam a22001337a 4500
020 _a9781846161933
082 _a823.92
_bMEA
100 _aMeadowa,Daisy
245 _aSienna the saturday fairy
260 _aAustralia:
_bOrchard Books,
_c2006.
300 _a74p. ;
563 _aPB
942 _2ddc
_cBK
999 _c614867
_d614867